|
|
|
|
| LEADER |
00000nab a2200000uu 4500 |
| 001 |
vtls011450382 |
| 003 |
SK-MaSNL |
| 005 |
20260303220733.0 |
| 008 |
230313|1976 xo |||||||||||||||||slo| |
| 015 |
|
|
|a SNBRB
|
| 035 |
|
|
|a (urnnbn)urn:nbn:sk:snk:ar-006fl7
|
| 035 |
|
|
|a (uuid)c7b0a128-6fa6-4f1f-9311-899bf96bb73b
|
| 035 |
|
|
|a urn:nbn:sk:snk-abcml1
|
| 040 |
|
|
|a SNKBUCL
|b slo
|c SNKBUCL
|e AACR2
|
| 041 |
0 |
|
|a slo
|
| 044 |
|
|
|a xo
|c SK
|
| 100 |
1 |
|
|a Hughes, Langston,
|d 1902-1967
|4 aut
|9 198853
|
| 245 |
1 |
0 |
|a BEZRADNOSŤ
|c Langston Hughes
|
| 773 |
0 |
|
|t Revue svetovej literatúry
|g Roč. 12, č. 6 (1976), s. 8
|
| 958 |
|
|
|a OND
|
| 958 |
|
|
|a EUIPO
|
| 958 |
|
|
|a article16
|
| 999 |
|
|
|c 2228693
|d 2230623
|